The 9 steps to financial freedom / (Record no. 522547)
[ view plain ]
| 000 -LEADER | |
|---|---|
| fixed length control field | 01305cam a2200373 a 4500 |
| 001 - CONTROL NUMBER | |
| control field | 3550309 |
| 003 - CONTROL NUMBER IDENTIFIER | |
| control field | NUST |
| 005 - DATE AND TIME OF LATEST TRANSACTION | |
| control field | 20181031044451.0 |
| 008 - FIXED-LENGTH DATA ELEMENTS--GENERAL INFORMATION | |
| fixed length control field | 970321s1997 nyu 001 0 eng d |
| 010 ## - LIBRARY OF CONGRESS CONTROL NUMBER | |
| LC control number | 97143886 |
| 020 ## - INTERNATIONAL STANDARD BOOK NUMBER | |
| International Standard Book Number | 0517707918 : |
| Terms of availability | $23.00 ($30.00 Can.) |
| 024 10 - OTHER STANDARD IDENTIFIER | |
| Standard number or code | 4586370791 |
| Additional codes following the standard number or code | 70791 |
| 024 30 - OTHER STANDARD IDENTIFIER | |
| Standard number or code | 780517707913 |
| Additional codes following the standard number or code | 90000 |
| 035 ## - SYSTEM CONTROL NUMBER | |
| System control number | (OCoLC)36596500 |
| 038 ## - RECORD CONTENT LICENSOR | |
| Staff Name | Arshad |
| 040 ## - CATALOGING SOURCE | |
| Original cataloging agency | WaSKC |
| Transcribing agency | WaSKC |
| Modifying agency | IWhN |
| -- | NBPu |
| -- | MnSP |
| -- | DLC |
| 042 ## - AUTHENTICATION CODE | |
| Authentication code | lccopycat |
| 050 04 - LIBRARY OF CONGRESS CALL NUMBER | |
| Classification number | HG179 |
| Item number | .O755 1997 |
| 082 00 - DEWEY DECIMAL CLASSIFICATION NUMBER | |
| Classification number | 332.024 |
| Author Mark | ORM |
| 100 1# - MAIN ENTRY--PERSONAL NAME | |
| Personal name | Orman, Suze. |
| 9 (RLIN) | 10047 |
| 245 14 - TITLE STATEMENT | |
| Title | The 9 steps to financial freedom / |
| Statement of responsibility, etc. | Suze Orman. |
| 246 3# - VARYING FORM OF TITLE | |
| Title proper/short title | Nine steps to financial freedom |
| 250 ## - EDITION STATEMENT | |
| Edition statement | 1st ed. |
| 260 ## - PUBLICATION, DISTRIBUTION, ETC. | |
| Place of publication, distribution, etc. | New York : |
| Name of publisher, distributor, etc. | Crown Publishers, |
| Date of publication, distribution, etc. | 1997. |
| 300 ## - PHYSICAL DESCRIPTION | |
| Extent | vii, 278 p. ; |
| Dimensions | 24 cm. |
| 500 ## - GENERAL NOTE | |
| General note | Includes index. |
| 650 #0 - SUBJECT ADDED ENTRY--TOPICAL TERM | |
| Topical term or geographic name entry element | Finance, Personal. |
| 9 (RLIN) | 8153 |
| 856 42 - ELECTRONIC LOCATION AND ACCESS | |
| Materials specified | Contributor biographical information |
| Uniform Resource Identifier | <a href="http://www.loc.gov/catdir/bios/random058/97143886.html">http://www.loc.gov/catdir/bios/random058/97143886.html</a> |
| 856 41 - ELECTRONIC LOCATION AND ACCESS | |
| Materials specified | Sample text |
| Uniform Resource Identifier | <a href="http://www.loc.gov/catdir/samples/random041/97143886.html">http://www.loc.gov/catdir/samples/random041/97143886.html</a> |
| 856 42 - ELECTRONIC LOCATION AND ACCESS | |
| Materials specified | Publisher description |
| Uniform Resource Identifier | <a href="http://www.loc.gov/catdir/description/random041/97143886.html">http://www.loc.gov/catdir/description/random041/97143886.html</a> |
| 906 ## - LOCAL DATA ELEMENT F, LDF (RLIN) | |
| a | 7 |
| b | cbc |
| c | copycat |
| d | 2 |
| e | ncip |
| f | 19 |
| g | y-gencatlg |
| 942 ## - ADDED ENTRY ELEMENTS (KOHA) | |
| Source of classification or shelving scheme | |
| Koha item type | Book |
| Withdrawn status | Lost status | Source of classification or shelving scheme | Damaged status | Not for loan | Collection code | Permanent Location | Current Location | Shelving location | Date acquired | Total Checkouts | Full call number | Barcode | Date last seen | Copy number | Price effective from | Koha item type |
|---|---|---|---|---|---|---|---|---|---|---|---|---|---|---|---|---|
| Central Library (CL) | Central Library (CL) | Book Cart | 10/31/2018 | 332.024 ORM | CL-D-60 | 05/16/2024 | 1 | 10/31/2018 | Book |
